000 00765cam a2200217 a 4500
001 000003064
005 20200929150324.0
008 761104s1975 ve b f000 0 spa
040 _aDO-SdBNP
_cDLC
_dDLC
082 _aV864.44
_bS586d
100 1 _aSilva, Ludovico,
_d1937-1988
_99673
245 1 0 _aDe lo uno a lo otro :
_bensayos filosófico-literarios. /
_cLudovico Silva.
260 _aCaracas :
_bEdiciones de la Biblioteca, Universidad Central de Venezuela,
_c1975.
300 _a270 p. ;
_c18 cm.
440 0 _aColección Temas,
_v68
_99674
504 _aIncluye referencias bibliográficas.
650 4 _aLiteratura
_xEnsayos
_99048
650 4 _aLiteratura filosófica
_99675
650 4 _aLiteratura venezolana
_93816
910 _aCatalogación por copia / LC
999 _c2895
_d2895